Learning Resource and Development

Principles of health and safety and food safety : (Record no. 32478)

MARC details
000 -LEADER
fixed length control field 01118nam a2200253 i 4500
003 - CONTROL NUMBER IDENTIFIER
control field CSPC
005 - DATE AND TIME OF LATEST TRANSACTION
control field 20260430105115.0
008 - FIXED-LENGTH DATA ELEMENTS--GENERAL INFORMATION
fixed length control field 260430s2024 nyua b 001 0 eng d
020 ## - INTERNATIONAL STANDARD BOOK NUMBER
International Standard Book Number 9781984689085
040 ## - CATALOGING SOURCE
Original cataloging agency CSPC
Language of cataloging eng
Transcribing agency CSPC
Description conventions rda
082 ## - DEWEY DECIMAL CLASSIFICATION NUMBER
Item number P359p
100 ## - MAIN ENTRY--PERSONAL NAME
Personal name Peixoto, Janaina,
Relator term author.
245 00 - TITLE STATEMENT
Title Principles of health and safety and food safety :
Remainder of title supervision in hospitality service /
Statement of responsibility, etc. Janaina Peixoto.
250 ## - EDITION STATEMENT
Edition statement 2nd edition.
264 #1 - PRODUCTION, PUBLICATION, DISTRIBUTION, MANUFACTURE, AND COPYRIGHT NOTICE
Place of production, publication, distribution, manufacture New York :
Name of producer, publisher, distributor, manufacturer 3G E-Learning,
Date of production, publication, distribution, manufacture, or copyright notice 2024.
300 ## - PHYSICAL DESCRIPTION
Extent 317 pages :
Other physical details illustrations ;
Dimensions 26 cm.
336 ## - CONTENT TYPE
Source rdacontent
Content type term text
337 ## - MEDIA TYPE
Source rdamedia
Media type term unmediated
338 ## - CARRIER TYPE
Source rdacarrier
Carrier type term volume
504 ## - BIBLIOGRAPHY, ETC. NOTE
Bibliography, etc. note Includes bibliographical references and index.
505 2# - FORMATTED CONTENTS NOTE
Formatted contents note Food safety and related issues -- Microorganisms -- Food contamination and food-borne illness -- Safe food handler -- Purchasing, receiving and storing of food -- Food preparation and service -- Food legislation, consumers and the hospitality sector.
942 ## - ADDED ENTRY ELEMENTS (KOHA)
Source of classification or shelving scheme Dewey Decimal Classification
Suppress in OPAC No
Koha item type Books
Item part P359p
Holdings
Withdrawn status Lost status Source of classification or shelving scheme Damaged status Not for loan Home library Current library Shelving location Date acquired Total Checkouts Full call number Barcode Date last seen Copy number Price effective from Koha item type
    Dewey Decimal Classification   On Process Main Library Main Library Circulation Section 04/30/2026   P359p 031656 04/30/2026 1-1 04/30/2026 Books